Gaming Quiz

Random Gaming or Pokémon Quiz

All Fighting Type Pokémon Quiz Stats

 Plays Quiz not verified by Sporcle

Also try: Fake Toys VI
Challenge
Share
Tweet
Embed
Score 0/57 Timer 12:00
0 Plays Today
Type and Gen Pokémon % Correct
Pure Gen IMankey
98.1%
Pure Gen IMachop
98.1%
Pure Gen IMachoke
98.1%
Pure Gen IMachamp
98.1%
Pure Gen IPrimeape
96.3%
Pure Gen IHitmonlee
96.3%
Pure Gen IHitmonchan
96.3%
Pure Gen IIHitmontop
94.4%
Pure Gen IITyrogue
92.6%
Secondary Gen III (Starter)Combusken
92.6%
Secondary Gen III (Starter)Blaziken
92.6%
Secondary Gen IPoliwrath
90.7%
Secondary Gen I (Mega Evolution X Legendary)Mewtwo
88.9%
Secondary Gen IV (Starter)Infernape
88.9%
Primary Gen IIIMeditite
87%
Primary Gen IIIMedicham
87%
Secondary Gen IV (Starter)Monferno
87%
Secondary Gen V (Starter)Pignite
87%
Secondary Gen V (Starter)Emboar
87%
Secondary Gen V (Legendary)Cobalion
87%
Secondary Gen V (Legendary)Terrakion
87%
Secondary Gen V (Legendary)Virizion
87%
Pure Gen IIIMakuhita
85.2%
Pure Gen IIIHariyama
85.2%
Primary Gen IVLucario
85.2%
Secondary Gen VI (Starter)Chesnaught
85.2%
Pure Gen IVRiolu
83.3%
Pure Gen VGurdurr
83.3%
Pure Gen VConkeldurr
83.3%
Type and Gen Pokémon % Correct
Secondary Gen V (Pirouette Form Mythical)Meloetta
83.3%
Pure Gen VTimburr
81.5%
Secondary Gen V (Mythical)Keldeo
81.5%
Secondary Gen IIHeracross
79.6%
Secondary Gen VII (Ultra Beast)Buzzwole
79.6%
Secondary Gen VII (Ultra Beast)Pheromosa
77.8%
Secondary Gen IVGallade
75.9%
Pure Gen VSawk
75.9%
Primary Gen VIHawlucha
75.9%
Pure Gen VIICrabrawler
75.9%
Secondary Gen IV (Mega Evolution)Lopunny
74.1%
Pure Gen VThroh
74.1%
Pure Gen VMienfoo
74.1%
Primary Gen VIICrabominable
74.1%
Pure Gen VMienshao
72.2%
Primary Gen VII (Mythical)Marshadow
72.2%
Secondary Gen IIIBreloom
68.5%
Secondary Gen IVCroagunk
68.5%
Secondary Gen IVToxicroak
68.5%
Secondary Gen VScraggy
68.5%
Pure Gen VIPancham
68.5%
Primary Gen VIPangoro
68.5%
Secondary Gen VScrafty
66.7%
Secondary Gen VIIHakamo-o
66.7%
Secondary Gen VIIKommo-o
66.7%
Secondary Gen VIIBewear
64.8%
Secondary Gen VIIStufful
63%
Pure Gen VIIPassimian
61.1%

You're not logged in!

Compare scores with friends on all Sporcle quizzes.
OR
Log In

You Might Also Like...

Show Comments

Extras

Created Feb 1, 2017ReportNominate
Tags:Pokémon Quiz, fighting

Top Quizzes Today


Score Distribution

Your Account Isn't Verified!

In order to create a playlist on Sporcle, you need to verify the email address you used during registration. Go to your Sporcle Settings to finish the process.

Report this User

Report this user for behavior that violates our Community Guidelines.

Details: